[Event "St Louis Inv GM 2017"]
[Site "Saint Louis USA"]
[Date "2017.11.20"]
[Round "6.1"]
[White "Ashwin, Jayaram"]
[Black "Sadorra, Julio Catalino"]
[Result "1/2-1/2"]
[WhiteTitle "GM"]
[BlackTitle "GM"]
[WhiteElo "2474"]
[BlackElo "2554"]
[WhiteFideId "5018137"]
[BlackFideId "5201268"]
[EventDate "2017.11.17"]

1. d4 d5 2. c4 e6 3. Nf3 Nf6 4. g3 Bb4+ 5. Nbd2 dxc4 6. Qc2 O-O 7. Bg2 a5 8.
Qxc4 b6 9. a3 Ba6 10. Qc2 Be7 11. Nc4 c5 12. dxc5 Bxc5 13. O-O Nbd7 14. a4 Rc8
15. b3 b5 16. axb5 Bxb5 17. Qb2 Bxc4 18. bxc4 Nb6 19. Bg5 Nxc4 20. Qa2 Qb6 21.
Bxf6 gxf6 22. Nd2 Nxd2 23. Qxd2 Bb4 24. Qf4 Qc5 25. Bb7 Rb8 26. Be4 Qe5 27. Qh4
f5 28. Bd3 Kh8 29. Kh1 Rg8 30. f3 Bc3 31. Ra2 Rg6 32. Rc1 Rbg8 33. Rac2 Bb2 34.
Rb1 Bd4 35. Rc4 Be3 36. Qh3 Bd4 37. Qh4 Bf2 38. Kg2 Be3 39. Qh3 Bf4 40. Qh4 Be3
41. Qh3 Bg5 42. Kf1 Rh6 43. Qg2 Qe3 44. Qg1 Ra8 45. f4 Qxg1+ 46. Kxg1 Bf6 47.
Bc2 Rg6 48. e4 Rgg8 49. e5 Bg7 50. Rb5 Rgb8 51. Rxb8+ Rxb8 52. Rc5 Ra8 53. Ba4
Bf8 54. Rc7 Kg8 55. Kg2 Rd8 56. Bd7 Rb8 57. Rc8 Rxc8 58. Bxc8 a4 59. Ba6 a3 60.
Bc4 Bb4 61. h3 Bd2 62. Kf3 h5 63. g4 h4 64. gxf5 exf5 65. Ba2 Kf8 66. Bb3 Ke7
67. Ba2 f6 68. e6 Kd6 69. Bb3 Bc1 70. Ba2 Kc6 71. Bb3 Bd2 72. Ba2 Kc7 73. Bb3
Kd6 74. Ba2 Kc6 75. Bb3 Bb4 76. Ke3 Bc5+ 77. Kd3 Bd6 78. Ke3 Kc5 79. Kd3 Kb5 80.
Ba2 Kc5 81. Bb3 Kc6 82. Ke3 1/2-1/2

[Event "St Louis Inv GM 2017"]
[Site "Saint Louis USA"]
[Date "2017.11.20"]
[Round "6.2"]
[White "Bartholomew, John"]
[Black "Sturt, Raven"]
[Result "1/2-1/2"]
[WhiteTitle "IM"]
[BlackTitle "IM"]
[WhiteElo "2442"]
[BlackElo "2449"]
[WhiteFideId "2019353"]
[BlackFideId "2007304"]
[EventDate "2017.11.17"]

1. d4 d5 2. Nf3 Nf6 3. g3 g6 4. Bg2 Bg7 5. O-O O-O 6. c4 c6 7. Na3 a6 8. Bf4 Qb6
9. Qc1 Bf5 10. c5 Qd8 11. Nh4 Bc8 12. Nc2 Nbd7 13. Nf3 Ne4 14. Bh6 b6 15. Bxg7
Kxg7 16. b4 a5 17. a3 Ba6 18. Re1 bxc5 19. dxc5 e5 20. Ne3 f5 21. Nd2 Nef6 22.
Nb3 axb4 23. axb4 Qe7 24. Na5 Qe6 25. f4 Rab8 26. fxe5 Nxe5 27. Qc3 Bb5 28. Nb3
Qe7 29. Nd4 Kg8 30. Ra5 Ne4 31. Bxe4 fxe4 32. Nxb5 Rxb5 33. Rxb5 Qf6 34. Kh1
cxb5 35. Rf1 Qe6 36. Rxf8+ Kxf8 37. Qd4 Nc6 38. Qxd5 Qxd5 39. Nxd5 Kf7 40. Nc3
Nxb4 41. Nxe4 Ke6 42. Nc3 Na6 43. Nxb5 Nxc5 44. Kg2 Ke5 45. Kf3 Ne4 46. Na3 Nd2+
47. Kf2 h5 48. Nc2 g5 49. Ne1 Ne4+ 50. Ke3 Nc3 51. Nd3+ Kf5 52. Kf3 Ne4 53. Nf2
Nd2+ 54. Kg2 Ke5 55. Nd3+ Kd4 56. h4 gxh4 57. Nf4 hxg3 58. Nxh5 Ke3 1/2-1/2

[Event "St Louis Inv GM 2017"]
[Site "Saint Louis USA"]
[Date "2017.11.20"]
[Round "6.4"]
[White "Shetty, Atulya"]
[Black "Gurevich, Daniel"]
[Result "1/2-1/2"]
[WhiteTitle "IM"]
[BlackTitle "IM"]
[WhiteElo "2403"]
[BlackElo "2471"]
[WhiteFideId "2031213"]
[BlackFideId "2044676"]
[EventDate "2017.11.17"]

1. c4 e5 2. g3 Nf6 3. Bg2 d5 4. cxd5 Nxd5 5. Nc3 Nb6 6. Nf3 Nc6 7. O-O Be7 8. b3
O-O 9. Bb2 Re8 10. Rc1 Bg4 11. d3 Qd7 12. Ne4 f6 13. Nc5 Bxc5 14. Rxc5 Bh3 15.
Bxh3 Qxh3 16. b4 a6 17. a4 Qe6 18. a5 Nd5 19. Ba3 b6 20. Rc1 Rad8 21. Qb3 Nd4
22. Nxd4 exd4 23. Bb2 bxa5 24. bxa5 Kh8 25. Bxd4 Qxe2 26. Qd1 Qe6 27. Re1 Qxe1+
28. Qxe1 Rxe1+ 29. Rxe1 Kg8 30. Bc5 Rb8 31. Be3 Rb3 32. Rc1 Rxd3 33. Rc6 Nxe3
34. fxe3 Rd6 35. Rxc7 Rd5 36. Kg2 Rxa5 37. Ra7 h5 38. h4 Kh7 39. e4 Kg6 40. Kf3
Ra1 41. Kf2 a5 42. Kf3 a4 43. Kf2 a3 44. Kg2 a2 45. Kh2 Kh7 46. Ra8 g6 47. Ra7+
Kg8 48. Kg2 Kf8 49. Kh2 Ke8 50. Kg2 Kd8 51. Kh2 Kc8 52. Kg2 Kb8 53. Ra3 Kb7 54.
Ra4 Kb6 55. Ra8 Kb5 56. Rb8+ Kc4 57. Rc8+ Kd3 58. Rd8+ Ke3 59. Ra8 Rd1 60. Rxa2
Rd2+ 61. Rxd2 Kxd2 62. Kf2 Kd1 63. Kf1 1/2-1/2

[Event "St Louis Inv GM 2017"]
[Site "Saint Louis USA"]
[Date "2017.11.20"]
[Round "6.5"]
[White "Zierk, Steven"]
[Black "Burke, John M"]
[Result "0-1"]
[WhiteTitle "IM"]
[BlackTitle "IM"]
[WhiteElo "2493"]
[BlackElo "2502"]
[WhiteFideId "2034255"]
[BlackFideId "2070901"]
[EventDate "2017.11.17"]

1. e4 c5 2. Nf3 d6 3. d4 cxd4 4. Nxd4 Nf6 5. Nc3 a6 6. Be3 e6 7. Bc4 b5 8. Bb3
Be7 9. a3 O-O 10. g4 Bb7 11. f3 d5 12. e5 Nfd7 13. f4 Nc6 14. O-O Nb6 15. Nxc6
Bxc6 16. Bd4 Nc4 17. f5 exf5 18. gxf5 Bc5 19. Rf2 Ne3 20. Qd2 Qg5+ 21. Kh1 Qh4
22. Bxc5 d4+ 23. Nd5 Nxd5 24. Bxd5 Bxd5+ 25. Kg1 Rfc8 26. b4 Qg4+ 27. Rg2 Bxg2
28. Qxg2 Qxf5 29. Bxd4 Qxc2 0-1

[Event "St Louis Inv GM 2017"]
[Site "Saint Louis USA"]
[Date "2017.11.20"]
[Round "7.1"]
[White "Burke, John M"]
[Black "Ashwin, Jayaram"]
[Result "1/2-1/2"]
[WhiteTitle "IM"]
[BlackTitle "GM"]
[WhiteElo "2502"]
[BlackElo "2474"]
[WhiteFideId "2070901"]
[BlackFideId "5018137"]
[EventDate "2017.11.17"]

1. e4 e6 2. d4 d5 3. Nd2 c5 4. Ngf3 cxd4 5. exd5 Qxd5 6. Bc4 Qd7 7. O-O Nc6 8.
Nb3 Nf6 9. Nbxd4 Nxd4 10. Nxd4 a6 11. Re1 Bc5 12. Be3 Qc7 13. Bb3 O-O 14. Qf3
Bd6 15. Qh3 e5 16. Nf5 e4 17. Bg5 Bxf5 18. Qxf5 Bxh2+ 19. Kh1 Qe5 20. Qxe5 Bxe5
21. Bxf6 Bxf6 22. Bd5 Rac8 1/2-1/2

[Event "St Louis Inv GM 2017"]
[Site "Saint Louis USA"]
[Date "2017.11.20"]
[Round "7.2"]
[White "Gurevich, Daniel"]
[Black "Zierk, Steven"]
[Result "1/2-1/2"]
[WhiteTitle "IM"]
[BlackTitle "IM"]
[WhiteElo "2471"]
[BlackElo "2493"]
[WhiteFideId "2044676"]
[BlackFideId "2034255"]
[EventDate "2017.11.17"]

1. Nf3 c5 2. c4 Nf6 3. Nc3 Nc6 4. g3 g6 5. Bg2 Bg7 6. d4 cxd4 7. Nxd4 O-O 8. O-O
Nxd4 9. Qxd4 d6 10. Qd3 Rb8 11. Bg5 Be6 12. Rac1 a6 13. b3 Re8 14. Rfd1 Qa5 15.
Bd2 Qh5 16. a4 Nd7 17. Nd5 Ne5 18. Qe4 Bf5 19. Nf4 Bxe4 20. Nxh5 Bxg2 21. Nxg7
Kxg7 22. Kxg2 Nd7 23. Be3 Rbc8 24. Rd5 Rc6 25. Rcd1 Rec8 26. f4 f5 27. Kf3 Kf7
28. a5 Nf6 29. R5d3 Ne4 30. Bb6 Nf6 31. h3 Nd7 32. Be3 Nc5 33. Bxc5 Rxc5 34. Rd5
R8c6 35. e4 Rxd5 36. Rxd5 e6 37. Rd4 Ke7 38. g4 fxe4+ 39. Kxe4 b6 40. axb6 Rxb6
41. Rd3 Rb8 42. f5 Rf8 43. Rf3 gxf5+ 44. gxf5 Rg8 45. fxe6 Kxe6 46. Kd4 a5 47.
Re3+ Kd7 48. Kc3 Rg2 49. Rd3 Kc6 50. Rd5 Rg3+ 51. Kb2 a4 52. bxa4 Rxh3 53. a5
Re3 54. Rh5 Re5 55. Rxh7 Rxa5 56. Kc3 1/2-1/2

[Event "St Louis Inv GM 2017"]
[Site "Saint Louis USA"]
[Date "2017.11.20"]
[Round "7.4"]
[White "Sturt, Raven"]
[Black "Chirila, Ioan-Cristian"]
[Result "1/2-1/2"]
[WhiteTitle "IM"]
[BlackTitle "GM"]
[WhiteElo "2449"]
[BlackElo "2557"]
[WhiteFideId "2007304"]
[BlackFideId "1211668"]
[EventDate "2017.11.17"]

1. d4 Nf6 2. c4 g6 3. Nc3 d5 4. cxd5 Nxd5 5. e4 Nxc3 6. bxc3 Bg7 7. Nf3 c5 8.
Be3 Qa5 9. Qd2 O-O 10. Rc1 Bg4 11. Be2 Nd7 12. d5 c4 13. Bd4 Rac8 14. Bxg7 Kxg7
15. O-O Rfd8 16. Rb1 Nb6 17. Rfe1 Bxf3 18. Bxf3 e6 19. Bg4 Rb8 20. Qd4+ Kg8 21.
h4 Na4 22. h5 exd5 23. e5 Qc5 24. Qf4 Qe7 25. Re3 Nc5 26. e6 fxe6 27. hxg6 hxg6
28. Rbe1 Rf8 29. Bxe6+ Qxe6 30. Qh6 Ne4 31. f3 Rf5 32. fxe4 Rh5 33. Qf4 Rf8 34.
Qg3 Qf6 35. e5 Qg5 36. Qxg5 Rxg5 37. e6 Re8 38. Re5 Rxe5 39. Rxe5 a6 40. Kf2 Kg7
41. Rxd5 Kf6 42. Rc5 Kxe6 43. Rxc4 Kd5 44. Rd4+ Kc5 45. Kf3 b5 46. Rd7 Re6 47.
g4 Rc6 48. Rd4 a5 49. Ke3 Rf6 50. Rd8 Re6+ 51. Kd3 Re5 52. Rc8+ Kd5 53. Rb8 Kc5
54. Rc8+ Kd6 55. Ra8 Rd5+ 56. Ke4 Re5+ 57. Kf3 a4 58. Ra6+ Ke7 59. Rxg6 Rc5 60.
Rb6 Rxc3+ 1/2-1/2

[Event "St Louis Inv GM 2017"]
[Site "Saint Louis USA"]
[Date "2017.11.20"]
[Round "7.5"]
[White "Sadorra, Julio Catalino"]
[Black "Bartholomew, John"]
[Result "1/2-1/2"]
[WhiteTitle "GM"]
[BlackTitle "IM"]
[WhiteElo "2554"]
[BlackElo "2442"]
[WhiteFideId "5201268"]
[BlackFideId "2019353"]
[EventDate "2017.11.17"]

1. Nf3 d5 2. e3 Nf6 3. c4 c6 4. Nc3 g6 5. b3 Bg7 6. Bb2 O-O 7. Be2 dxc4 8. Bxc4
c5 9. d4 cxd4 10. Nxd4 Bd7 11. O-O Nc6 12. Nd5 Rc8 13. Nxc6 Bxc6 14. e4 Nxe4 15.
Bxg7 Kxg7 16. Re1 e6 17. Rxe4 exd5 18. Rd4 Qf6 19. Be2 Rfe8 20. Bf3 Re1+ 21.
Qxe1 Qxd4 22. Rd1 Re8 23. Qa5 b6 24. Rxd4 bxa5 25. Rd1 Rb8 26. Rc1 Rb6 27. Kf1
a4 28. bxa4 Bxa4 29. Bxd5 Bb5+ 30. Ke1 Bd7 31. Rc7 Be6 32. Bxe6 1/2-1/2

[Event "St Louis Inv GM 2017"]
[Site "Saint Louis USA"]
[Date "2017.11.21"]
[Round "8.1"]
[White "Ashwin, Jayaram"]
[Black "Bartholomew, John"]
[Result "1/2-1/2"]
[WhiteTitle "GM"]
[BlackTitle "IM"]
[WhiteElo "2474"]
[BlackElo "2442"]
[WhiteFideId "5018137"]
[BlackFideId "2019353"]
[EventDate "2017.11.17"]

1. d4 d5 2. Nf3 Nf6 3. Bf4 c5 4. e3 cxd4 5. exd4 Nc6 6. c3 a6 7. Bd3 Bg4 8. Nbd2
e6 9. Qb3 Qc8 10. h3 Bh5 11. Nh4 Be7 12. g4 Bg6 13. Nxg6 hxg6 14. Qd1 e5 15.
dxe5 Nxg4 16. Qe2 Qe6 17. Nf3 Rh5 18. O-O-O Ngxe5 19. Nxe5 Nxe5 20. Bc2 O-O-O
21. Rhe1 Bd6 22. Bg3 Bc7 23. h4 Qf6 24. Qe3 Nc6 25. Bb3 Bxg3 26. fxg3 d4 27.
cxd4 Nxd4 28. Kb1 Nxb3 29. Rxd8+ Qxd8 30. Qxb3 Rd5 31. a3 Kb8 32. Qa4 Qf6 33.
Re8+ Ka7 34. Qc4 Rb5 35. Qe2 Qd4 36. Ka2 f6 37. Qc2 a5 38. Re7 Qd5+ 39. Ka1 Qh1+
40. Qb1 Qxb1+ 41. Kxb1 Rb3 42. Rxg7 Rxg3 43. Rf7 Rf3 44. Rg7 Rg3 45. Rf7 g5 46.
h5 Rf3 47. h6 g4 48. Ka2 Rf2 49. h7 Rh2 50. Rxf6 Rxh7 51. Rg6 Rh4 52. a4 b6 53.
Rg7+ Ka6 54. Kb3 Rh3+ 55. Kc2 Rg3 56. b3 Rg2+ 57. Kb1 g3 58. Kc1 Rg1+ 59. Kb2
Rg2+ 60. Kb1 1/2-1/2

[Event "St Louis Inv GM 2017"]
[Site "Saint Louis USA"]
[Date "2017.11.21"]
[Round "8.2"]
[White "Chirila, Ioan-Cristian"]
[Black "Sadorra, Julio Catalino"]
[Result "1/2-1/2"]
[WhiteTitle "GM"]
[BlackTitle "GM"]
[WhiteElo "2557"]
[BlackElo "2554"]
[WhiteFideId "1211668"]
[BlackFideId "5201268"]
[EventDate "2017.11.17"]

1. Nf3 d5 2. g3 Nf6 3. Bg2 e6 4. O-O Be7 5. b3 O-O 6. Bb2 b6 7. c4 Bb7 8. e3 c5
9. Qe2 Qc8 10. d3 Rd8 11. Nbd2 Nc6 12. h3 a5 13. a4 Nb4 14. Rad1 Ra7 15. Nb1
dxc4 16. bxc4 Bc6 17. Nc3 Bxf3 18. Bxf3 Rad7 19. d4 cxd4 20. exd4 Rc7 21. Nb5
Rxc4 22. Na7 Qc7 23. Nb5 Qc8 24. Na7 Qc7 25. Nb5 Qc8 1/2-1/2

[Event "St Louis Inv GM 2017"]
[Site "Saint Louis USA"]
[Date "2017.11.21"]
[Round "8.3"]
[White "Shetty, Atulya"]
[Black "Sturt, Raven"]
[Result "0-1"]
[WhiteTitle "IM"]
[BlackTitle "IM"]
[WhiteElo "2403"]
[BlackElo "2449"]
[WhiteFideId "2031213"]
[BlackFideId "2007304"]
[EventDate "2017.11.17"]

1. c4 c5 2. g3 Nc6 3. Bg2 g6 4. Nc3 Bg7 5. Nf3 d6 6. O-O Bf5 7. Qa4 Qd7 8. Nd5
Rc8 9. d3 Bh3 10. Rb1 Bxg2 11. Kxg2 e6 12. Nc3 Nge7 13. a3 O-O 14. Bd2 b6 15. b4
f5 16. Qd1 h6 17. b5 Nd4 18. e3 Nxf3 19. Qxf3 d5 20. Rbd1 Rcd8 21. Be1 e5 22. a4
g5 23. cxd5 Nxd5 24. e4 g4 25. Qe2 Nb4 26. exf5 Qxf5 27. f3 gxf3+ 28. Rxf3 Qxf3+
29. Qxf3 Rxf3 30. Kxf3 Nxd3 31. Ne4 Rd4 32. a5 c4 33. Nf2 e4+ 34. Ke3 Nxe1 35.
Rxe1 bxa5 36. Nxe4 a4 37. Re2 Rd3+ 38. Kf4 a3 39. Kf5 Kf7 40. Rc2 Bb2 41. Rxc4
Rd5+ 42. Kf4 a2 43. Rc7+ Ke6 44. Rc6+ Kd7 0-1

[Event "St Louis Inv GM 2017"]
[Site "Saint Louis USA"]
[Date "2017.11.21"]
[Round "8.5"]
[White "Burke, John M"]
[Black "Gurevich, Daniel"]
[Result "1/2-1/2"]
[WhiteTitle "IM"]
[BlackTitle "IM"]
[WhiteElo "2502"]
[BlackElo "2471"]
[WhiteFideId "2070901"]
[BlackFideId "2044676"]
[EventDate "2017.11.17"]

1. e4 c6 2. Nc3 d5 3. Nf3 Nf6 4. e5 Ne4 5. Ne2 Qb6 6. d4 e6 7. Ng3 c5 8. Bd3
Nxg3 9. fxg3 c4 10. Be2 Be7 11. O-O Nc6 12. g4 Bd7 13. c3 f6 14. exf6 gxf6 15.
g5 O-O-O 16. gxf6 Bxf6 17. Kh1 Rhg8 18. b3 cxb3 19. axb3 e5 20. dxe5 Nxe5 21.
Nxe5 Bxe5 22. Qxd5 Qg6 23. Bf3 Bc6 24. Qc4 Rdf8 25. Bxc6 Qxc6 26. Qxc6+ bxc6 27.
Be3 Bxc3 28. Rxf8+ Rxf8 29. Rc1 Bb2 30. Rb1 Re8 31. Bxa7 Re2 32. g3 Kb7 33. Bg1
Kc7 34. Rf1 Kd6 35. Rf7 h6 36. Bf2 Bc1 37. Kg2 Rb2 38. Rf3 Ke5 39. h4 Ke4 40. g4
Bf4 41. Rh3 Be5 42. g5 hxg5 43. hxg5 Kf5 44. Rd3 1/2-1/2

[Event "St Louis Inv GM 2017"]
[Site "Saint Louis USA"]
[Date "2017.11.22"]
[Round "9.1"]
[White "Gurevich, Daniel"]
[Black "Ashwin, Jayaram"]
[Result "1/2-1/2"]
[WhiteTitle "IM"]
[BlackTitle "GM"]
[WhiteElo "2471"]
[BlackElo "2474"]
[WhiteFideId "2044676"]
[BlackFideId "5018137"]
[EventDate "2017.11.17"]

1. Nf3 Nf6 2. g3 d5 3. Bg2 c6 4. O-O Bg4 5. h3 Bh5 6. c4 e6 7. d4 Be7 8. cxd5
cxd5 9. Qb3 Qb6 10. Qxb6 axb6 11. Nc3 Nc6 12. Be3 Nd7 13. Nb5 O-O 14. Rfc1 Rfc8
15. a3 Na5 16. Rxc8+ Rxc8 17. Rc1 Rc6 18. Rc3 Kf8 19. g4 Bg6 20. Nd2 Bc2 21. b4
Rxc3 22. Nxc3 Nc6 23. f4 Nf6 24. Kf2 Ne8 25. Nf3 Nd6 26. Bc1 Ne4+ 27. Nxe4 dxe4
28. Ne5 Nxd4 29. Ke3 Nb3 30. Bb2 f5 31. g5 b5 32. Bc3 Bd6 33. Bf1 Bxe5 34. Bxe5
g6 35. Bb2 Ke7 36. h4 Kd6 37. Bh3 Kd5 38. Bg2 Bb1 39. Bh3 Kc4 40. Bf1 Bc2 41.
Bg2 b6 42. Bf1 Bb1 43. Bg2 Ba2 44. Bf1 Kd5 45. Bg2 Kc6 46. Bh3 Kd6 47. Bg2 Kd5
48. Bh3 Bb1 49. Bg2 Kc4 50. Bf1 Ba2 51. Bg2 Bb1 52. Bf1 Bc2 53. Bg2 Bb1 1/2-1/2

[Event "St Louis Inv GM 2017"]
[Site "Saint Louis USA"]
[Date "2017.11.22"]
[Round "9.3"]
[White "Sturt, Raven"]
[Black "Zierk, Steven"]
[Result "0-1"]
[WhiteTitle "IM"]
[BlackTitle "IM"]
[WhiteElo "2449"]
[BlackElo "2493"]
[WhiteFideId "2007304"]
[BlackFideId "2034255"]
[EventDate "2017.11.17"]

1. d4 d5 2. c4 c6 3. Nf3 Nf6 4. Nc3 dxc4 5. a4 Bf5 6. e3 e6 7. Bxc4 Bb4 8. O-O
O-O 9. Qe2 Nbd7 10. e4 Bg6 11. Bd3 Bh5 12. Bf4 Re8 13. e5 Nd5 14. Nxd5 cxd5 15.
Rfc1 Nb8 16. h3 Nc6 17. g4 Bg6 18. h4 Qb6 19. Qe3 Rac8 20. h5 Bxd3 21. Qxd3 Be7
22. h6 g6 23. Be3 a6 24. Kg2 Rc7 25. Bd2 Rec8 26. a5 Qa7 27. Qe3 Qb8 28. Qb3 Na7
29. Rxc7 Rxc7 30. Bb4 Qf8 31. Bxe7 Qxe7 32. Qe3 Qf8 33. Rc1 Rxc1 34. Qxc1 Nc6
35. Qc3 Qxh6 36. g5 Qh5 37. Kg3 h6 38. gxh6 Ne7 39. Kg2 Nf5 40. Nh2 Nh4+ 41. Kg3
Nf5+ 42. Kg2 Qxh6 43. Qc8+ Kg7 44. Qxb7 Nh4+ 45. Kh3 Nf5+ 46. Kg2 Qg5+ 47. Kf1
Qc1+ 48. Kg2 Qg5+ 49. Kf1 Qf4 50. Kg1 Nh4 51. Qxa6 Qg5+ 52. Kf1 Qc1+ 53. Ke2
Qc2+ 54. Ke1 Qxb2 55. Qd3 Ng2+ 56. Kf1 Nf4 57. Qd1 Qa3 58. Nf3 Qxa5 59. Kg1 Qa2
60. Qe1 Qc2 61. Qe3 Qf5 62. Ne1 Qg4+ 63. Kf1 g5 64. Qf3 Qf5 65. Kg1 Qb1 66. Qe3
Qd1 67. Kh2 Kg6 68. Nf3 Qf1 69. Nh4+ Kh5 70. Qg3 Ne2 71. Qf3+ Kxh4 72. Qg4+ Kxg4
73. f3+ Kh4 0-1

[Event "St Louis Inv GM 2017"]
[Site "Saint Louis USA"]
[Date "2017.11.22"]
[Round "9.4"]
[White "Bartholomew, John"]
[Black "Chirila, Ioan-Cristian"]
[Result "1/2-1/2"]
[WhiteTitle "IM"]
[BlackTitle "GM"]
[WhiteElo "2442"]
[BlackElo "2557"]
[WhiteFideId "2019353"]
[BlackFideId "1211668"]
[EventDate "2017.11.17"]

1. d4 Nf6 2. Nf3 g6 3. Bg5 Bg7 4. Nbd2 O-O 5. e3 d6 6. Bd3 c5 7. c3 Nc6 8. O-O
cxd4 9. cxd4 h6 10. Bh4 e5 11. dxe5 dxe5 12. Bb5 Ne7 13. e4 a6 14. Ba4 b5 15.
Bb3 Nh5 16. a4 Bb7 17. axb5 axb5 18. Rxa8 Bxa8 19. Bg3 Nf4 20. Bxf4 exf4 21. Qe2
Qb6 22. e5 Nf5 23. Re1 Kh7 24. h3 Nd4 25. Nxd4 Qxd4 26. Nf3 Qb4 27. Ba2 Re8 28.
Rd1 Bxf3 29. Qxf3 Re7 30. Qa3 Qxa3 31. bxa3 Bxe5 32. Rd5 Bc7 33. Kf1 Ba5 34. f3
Re1+ 35. Kf2 Re3 36. Rxb5 Be1+ 37. Kf1 Bg3 38. Rb1 Rxa3 39. Bxf7 Rc3 40. Rb6 Kg7
41. Bd5 Re3 42. Re6 Rxe6 43. Bxe6 Kf6 1/2-1/2

[Event "St Louis Inv GM 2017"]
[Site "Saint Louis USA"]
[Date "2017.11.22"]
[Round "9.5"]
[White "Sadorra, Julio Catalino"]
[Black "Shetty, Atulya"]
[Result "1/2-1/2"]
[WhiteTitle "GM"]
[BlackTitle "IM"]
[WhiteElo "2554"]
[BlackElo "2403"]
[WhiteFideId "5201268"]
[BlackFideId "2031213"]
[EventDate "2017.11.17"]

1. d4 d5 2. c4 c6 3. cxd5 cxd5 4. Bf4 Nf6 5. Nc3 Nc6 6. e3 a6 7. Bd3 Bg4 8. Nge2
e6 9. O-O Bd6 10. f3 Bh5 11. Rc1 O-O 12. Na4 e5 13. Bg5 Bg6 14. Nc5 Qe7 15. Nc3
Bxc5 16. Bxg6 hxg6 17. Bxf6 Qxf6 18. Nxd5 Qe6 19. dxc5 Rad8 20. e4 Nb4 21. Nxb4
Rxd1 22. Rfxd1 Qe8 23. Nd5 Qa4 24. Rd3 g5 25. a3 g6 26. b4 a5 27. h3 axb4 28.
axb4 Ra8 29. Rdc3 Rd8 30. c6 bxc6 31. Rxc6 Qb3 32. Kh2 Kg7 33. Ra1 g4 34. hxg4
Qb2 35. Rac1 Qf2 36. Rc8 Rxc8 37. Rxc8 Qh4+ 38. Kg1 Qe1+ 39. Kh2 1/2-1/2